Los 10 primeros países invadidos por Alemania en la II Guerra Mundial - Estadísticas

Estadísticas generales
  • Esta prueba ha sido intentada 26 veces
  • La puntuación promedio es 9 de 10
Estadísticas de respuestas
Fecha País % Correcto
10.05.1940 Bélgica
100%
10.05.1940 Francia
100%
01.09.1939 Polonia
100%
01.03.1938 Austria
96%
10.05.1940 Países Bajos
96%
10.05.1940 Luxemburgo
88%
09.04.1940 Dinamarca
84%
09.04.1940 Noruega
84%
01.10.1938 Checoslovaquia
76%
06.05.1941 Yugoslavia
68%
No se encontraron pruebas coincidentes
Distribución de puntuación
Porcentaje de gente con cada puntuación
Porcentaje por número respondido
Historial de tus puntuaciones
No has intentado esta prueba.